A rudnoki "Élő Rózsafűzér" tagjainak névjegyzéke és pénztári naplója

Menný zoznam a pokladničný denník členov spolku Živého Ruženca (neskôr sv. Ruženca) v Rudníku

Bibliographic Details
Format: Manuscript Book
Language:Hungarian
Slovak
Czech
PhysicalDescription:74 nečíslovaných strán, 6 voľných listov rukopis, tlač, viazaný, ilustrácie 24 cm
Published: [Rudník] 1895-1927
Subjects:

MARC

LEADER 00000ntmaa2200000 a 4500
001 vtls012142030
003 SK-MaSNL
005 20260302062514.0
008 230802i1895 xo a || 000 0dhun
035 |a urn:nbn:sk:snk-tm00igfb 
035 |a D2152976-AEAC-4EA9-B7D1-358D6B0B8CCA 
040 |a SNKLA  |b slo  |c SNKLA  |e AACR2 
041 0 |a hun  |a slo  |a cze 
044 |a xo  |c SK 
072 7 |a 27-78  |x Kresťanské združenia, spolky a organizácie. Rehoľné rády  |2 konspekt 
072 7 |a 2  |x Náboženstvo  |2 konspekt 
080 |a 025.171  |2 2011 
080 |a 2-784  |2 2011 
080 |a (083.8)  |2 2011 
245 0 2 |a A rudnoki "Élő Rózsafűzér" tagjainak névjegyzéke és pénztári naplója 
260 |a [Rudník]  |c 1895-1927 
300 |a 74 nečíslovaných strán, 6 voľných listov  |b rukopis, tlač, viazaný, ilustrácie  |c 24 cm 
500 |a Titul prevzatý zo štítka prednej dosky 
500 |a Vložený tlačený svätý obrázok 
520 2 |a Menný zoznam a pokladničný denník členov spolku Živého Ruženca (neskôr sv. Ruženca) v Rudníku 
546 |a Napísané maďarsky, neskôr slovensky; na vloženom tlačenom texte čeština 
555 0 |a Inventár rukopisov Archívu literatúry a umenia Slovenskej národnej knižnice. Rukopisy historických knižníc na Slovensku IV (Jasov). Slovenská národná knižnica 2010 
561 |a Okrúhla pečiatka: Rudnoki Róm.Kath. [Egy]ház Pecsétje 
610 2 7 |a Premonštráti  |2 SNKKA  |9 30024 
610 2 7 |a Katolícka cirkev.  |b Farský úrad (Rudník, Košice-okolie, Slovensko)  |2 SNKLA  |9 217995 
650 0 7 |a náboženské spolky  |2 SNKPH  |9 30995 
651 7 |a Rudník (Košice-okolie, Slovensko)  |2 SNKPHgeo  |9 170597 
651 7 |a Jasov (Slovensko)  |2 SNKPHgeo  |9 22401 
655 7 |a rukopisy  |2 SNKPH  |9 70548 
655 7 |a zoznamy  |2 SNKPH  |9 29645 
655 7 |a pokladničné knihy  |2 SNKPH  |9 404162 
852 |a Slovenská národná knižnica  |b Literárny archív 
958 |a ZH 
958 |a LAVD 
999 |c 1129539  |d 1131469 
952 |a SNKLA  |b SNKLA  |c SNKLA_DEP  |y NEVYP  |7 0  |p 17A1230418  |o snkJAS 153  |0 0  |1 0  |4 0  |d 2022-07-07  |f 1  |l 0  |r 2026-02-24 18:57:54  |w 2026-02-24